Представление документа в формате RUSMARC

ПолеНазваниеЗначение
  Тип записи a
  Библиографический уровень m
001 Контрольный номер RU/SLIB/B/208739567
005 Дата корректировки 20201206204051.0
010 Индекс ISBN __
d Цена 1-50
101 Язык документа 0_
a Язык текста rus
200 Заглавие и сведения об ответственности 1_
a Заглавие Воспитание ребенка
e Сведения, относящиеся к заглавию сокр. пер. с чеш.
f Первые сведения об ответственности Швейцар Й.
b Общее обозначение материала Текст
210 Выходные данные __
a Место издания Ташкент
c Издательство Медицина
d Дата издания 1982
215 Физическое описание __
a Объем 336 с.
606 Тематические рубрики __
a Основная рубрика Педиатрия
606 Тематические рубрики __
a Основная рубрика Гигиена детей и подростков
606 Тематические рубрики __
a Основная рубрика Здравоохранение. Медицинские науки
610 Ключевые слова __
a Ключевые слова ребенок; умственное развитие; психические травмы; детские болезни; детское питание; детская психика
686 Индексы других классификаций __
a Классификационный индекс 57.31
686 Индексы других классификаций __
a Классификационный индекс 51.28; В5
700 Автор __
a Фамилия Швейцар
b Имя Й.
4 Код отношения 070
801 Источник записи _0
a Страна RU
b Организация Муниципальное бюджетное учреждение культуры "Централизованная библиотечная система" г. Сургут (Центральная городская библиотека им. А. С. Пушкина)
g Правила каталогизации КиК/Уланова
801 Источник записи _1
a Страна RU
b Организация Муниципальное бюджетное учреждение культуры "Централизованная библиотечная система" г. Сургут (Центральная городская библиотека им. А. С. Пушкина)
g Правила каталогизации КиК/Уланова
852 Данные о местонахождении __
j Шифр хранения 57.31
c Каталожный индекс 57.3, 51.28
i Авторский знак Ш 34
p Инвентарный номер 10243
901 Тип документа __
t Тип документа m
990 Данные о заказе (DOS) __
j Количество экземпляров (DOS) 1